000 00262nam a2200109Ia 4500
008 201223s9999 xx 000 0 und d
100 _aMalayala Manorama
245 0 _aManorama Yearbook 1994
260 _aKottayam
_bMalayala Manorama
300 _a800
942 _cBK
999 _c8615
_d8615